00914nam a2200253 a 450000100100000000500170001000800410002702000150006809000230008310000260010624500810013225000120021326000330022530000180025849000200027650000450029665000330034165000370037465000290041165000380044070000280047899900150050695201390052100005572620200120223140.0080722s1985 mx a gr 000 f spa d a9682200245 aJNbWELHg Artemisa0 aWells, Herbert George13aLa guerra de los mundos /cHerbert G. Wells; traducción: Ramiro de Maeztu. a1a. ed. aMéxico :bArtemisa,c1985. a204 p. :bil.0 aBestsellersv33 aTítulo original: The war of the worlds14aNovela juvenil inglesa2FGSR24aLiteratura juvenil inglesa2FGSR24aLiteratura inglesa2LEMB24aNovela de ciencia ficción2LEMB1 aMaeztu, Ramiro de,etr. c5279d5279 00102ddc40708LJaBPMOSbBPMOSd2020-01-20i103931l0oJNWELHg ArtemisapMOS005098r2020-01-20tej.1w2020-01-20yBKzQuince días